LEADER 00989nam a2200241 i 4500 001 000000138377 003 CaOOAMICUS 005 20050503000000.0 008 050503s1979 it u000 u ita u 013 $a112274 040 $aSeMil$bita 100 1 $aTarchetti, Igino Ugo.$0(OLS)http://semarc/name/56042 245 14$aUna nobile follia /$cIgino Ugo Tarchetti ; presentazione di Giorgio Barberi Squarotti. 260 $aRocca San Casciano :$bCappelli,$ccopyr. 1979. 300 $a203 p. ;$c19 cm. 490 0 $aIl calendario ;$v2 700 1 $aBārberi Squarotti, Giorgio,$d<1929-2017>.$0(OLS)http://semarc/name/1058 830 3$aIl calendario ;$v2.$0(OLS)http://semarc/title/11819 850 $aSeMil 852 $aSeMil$W1$xVenegono$y1$m1B II 74$j91867$B91867$CSeMilBibl$Z2$F96914 $81 961 $aOmaggio: Poma mons. Gianfranco 996 $6245$aUna nobile follia$9(OLS)http://semarc/title/202294 996 $6260$aRocca San Casciano :$bCappelli$9(OLS)http://semarc/publisher/32150 LEADER 00961nam a2200229 i 4500 001 000000226654 003 CaOOAMICUS 005 20140129000000.0 008 140129s1990 it u000 u ita u 013 $a205556 040 $aSeMil$bita 245 10$aPittura russa dal museo di Kiev, 1800-1950. 260 $aTorre Canavese :$bGalleria Datrino,$c1990. 300 $a134 p. :$bill. ;$c31 cm. 500 $aCatalogo della mostra. - Testo anche in inglese e russo. 650 4$aArte sovietica.$0(OLS)http://semarc/subject/35528 650 4$aPittura russa - 1800-1950.$0(OLS)http://semarc/subject/41129 850 $aSeMil 852 $aSeMil$W1$xVenegono$y1$m5H IX 92$j177000$B177000$CSeMilBibl$Z2$F188189 $81 961 $aOmaggio: Grampa dott. Cesare 996 $6245$aPittura russa dal museo di Kiev, 1800-1950$9(OLS)http://semarc/title/324499 996 $6260$aTorre Canavese :$bGalleria Datrino$9(OLS)http://semarc/publisher/53499